Library Banner

Short text book pathology / (Record no. 133704)

MARC details
000 -LEADER
fixed length control field 00422nam a22001577a 4500
005 - DATE AND TIME OF LATEST TRANSACTION
control field 20240403090123.0
008 - FIXED-LENGTH DATA ELEMENTS--GENERAL INFORMATION
fixed length control field 240403b ||||| |||| 00| 0 eng d
040 ## - CATALOGING SOURCE
Transcribing agency PK-LaUMT
082 ## - DEWEY DECIMAL CLASSIFICATION NUMBER
Classification number 616.07
Item number INA-S
100 ## - MAIN ENTRY--PERSONAL NAME
Personal name Inam Danish, Muhammad
245 ## - TITLE STATEMENT
Title Short text book pathology /
Statement of responsibility, etc by Muhammad Inam Danish
250 ## - EDITION STATEMENT
Edition statement 3rd ed.
260 ## - PUBLICATION, DISTRIBUTION, ETC. (IMPRINT)
Place of publication, distribution, etc Karachi :
Name of publisher, distributor, etc Nishtar Publications,
Date of publication, distribution, etc 2023
300 ## - PHYSICAL DESCRIPTION
Extent 389 p.
942 ## - ADDED ENTRY ELEMENTS (KOHA)
Koha item type Books
Holdings
Withdrawn status Lost status Damaged status Home library Current library Date acquired Full call number Barcode Date last seen Price effective from Koha item type Copy number
      UMT Health Sciences Campus UMT Health Sciences Campus 2024-04-03 616.07 INA-S 147008 2024-10-23 2024-04-03 Books  
      UMT Health Sciences Campus UMT Health Sciences Campus 2024-04-03 616.07 INA-S 147009 2024-09-19 2024-04-03 Books C.2